[Event "21. Copenhagen Open  (Politiken Cup)"]
[Site "Copenhagen"]
[Date "1999.07.14"]
[Round "11"]
[White "Gunter, David WW"]
[Black "Meulenbroek, Kim"]
[Result "1/2-1/2"]
[WhiteElo "2146"]
[BlackElo "1940"]
[PlyCount "80"]
[EventDate "1999.07.03"]
[EventType "swiss"]
[EventRounds "11"]
[EventCountry "DEN"]
[SourceDate "2004.01.01"]

1. d4 e6 2. Nf3 d5 3. c4 c6 4. cxd5 cxd5 5. Nc3 Nf6 6. Bf4 Nc6 7. e3 a6 8. Bd3
Be7 9. h3 O-O 10. O-O Bd7 11. Qe2 Rc8 12. Rac1 Nb4 13. Bb1 Ne4 14. Rfe1 f5 15.
Ne5 Bh4 16. g3 Bf6 17. a3 Nc6 18. Bxe4 fxe4 19. Nxd7 Qxd7 20. g4 Bh4 21. g5
Nxd4 22. Qg4 Nf3+ 23. Kg2 Qf7 24. Red1 Kh8 25. Na4 Rxc1 26. Rxc1 e5 27. Bg3
Bxg5 28. Rc8 h6 29. Rxf8+ Qxf8 30. Nc3 Qf7 31. h4 Bf6 32. h5 Bg5 33. a4 Ne1+
34. Kg1 Nf3+ 35. Kh1 Bf6 36. a5 Bg5 37. Kg2 Ne1+ 38. Kg1 Nf3+ 39. Kg2 Ne1+ 40.
Kg1 Nf3+ 1/2-1/2

[Event "21. Copenhagen Open  (Politiken Cup)"]
[Site "Copenhagen"]
[Date "1999.07.14"]
[Round "11"]
[White "Hansen, Erik Friberg"]
[Black "Olsen, Miriam Frida"]
[Result "0-1"]
[WhiteElo "1028"]
[BlackElo "1000"]
[PlyCount "78"]
[EventDate "1999.07.03"]
[EventType "swiss"]
[EventRounds "11"]
[EventCountry "DEN"]
[SourceDate "2004.01.01"]

1. d4 Nf6 2. c4 g6 3. Nf3 Bg7 4. Nc3 d6 5. g3 O-O 6. Bg2 c5 7. d5 Na6 8. a3 Bd7
9. O-O Nc7 10. Re1 b5 11. Nd2 Rb8 12. Rb1 bxc4 13. Nxc4 Nh5 14. Bd2 e6 15. e4
f5 16. Nxd6 fxe4 17. dxe6 Bxe6 18. Ndxe4 Bf5 19. g4 Bxe4 20. Bxe4 Nf6 21. Bf3
Nfd5 22. Bg2 Qh4 23. Rf1 Be5 24. h3 Nf4 25. Bxf4 Rxf4 26. Nd5 Rd8 27. Qe2 Rd4
28. Qxe5 Nxd5 29. Bxd5+ R8xd5 30. Qe6+ Kg7 31. Rbe1 Qxh3 32. Qe7+ Kh6 33. Qf8+
Kg5 34. Qe7+ Kxg4 35. Qe6+ Kh4 36. Re4+ Rxe4 37. Qxe4+ Qg4+ 38. Qxg4+ Kxg4 39.
Re1 Rg5 0-1

[Event "21. Copenhagen Open  (Politiken Cup)"]
[Site "Copenhagen"]
[Date "1999.07.14"]
[Round "11"]
[White "Hansen, Morten Lyck"]
[Black "Petersen, Nils"]
[Result "1/2-1/2"]
[WhiteElo "1847"]
[BlackElo "2067"]
[PlyCount "97"]
[EventDate "1999.07.03"]
[EventType "swiss"]
[EventRounds "11"]
[EventCountry "DEN"]
[SourceDate "2004.01.01"]

1. e4 c5 2. Nf3 Nc6 3. d4 cxd4 4. Nxd4 e5 5. Nb5 d6 6. c4 Be6 7. Be2 a6 8. N5c3
Nd4 9. O-O Rc8 10. b3 Ne7 11. Be3 Nec6 12. Nd2 Be7 13. Nf3 Nxf3+ 14. Bxf3 Qa5
15. Qd2 O-O 16. Rfd1 Rfe8 17. Nd5 Bxd5 18. Qxa5 Nxa5 19. cxd5 b5 20. Rac1 Nb7
21. b4 Kf8 22. Bg4 Rxc1 23. Rxc1 Bd8 24. Rc6 a5 25. a3 axb4 26. axb4 Be7 27.
Bc8 Nd8 28. Rc7 Bf6 29. Ba6 Re7 30. Rxe7 Kxe7 31. Bxb5 h6 32. Ba6 Kd7 33. Bb6
Bg5 34. Kf1 g6 35. Ke2 f5 36. f3 Nf7 37. Kd3 Bd8 38. Bxd8 Kxd8 39. Bb5 fxe4+
40. fxe4 Ng5 41. Bc6 Nh7 42. b5 Kc7 43. Be8 g5 44. h3 Nf6 45. Bc6 Nh5 46. Ke3
Kb6 47. Kf3 Nf6 48. g3 Kc5 49. Ke3 1/2-1/2

[Event "21. Copenhagen Open  (Politiken Cup)"]
[Site "Copenhagen"]
[Date "1999.07.14"]
[Round "11"]
[White "Hardarson, Robert"]
[Black "Larsen, Peter"]
[Result "1/2-1/2"]
[WhiteElo "2331"]
[BlackElo "2259"]
[PlyCount "47"]
[EventDate "1999.07.03"]
[EventType "swiss"]
[EventRounds "11"]
[EventCountry "DEN"]
[SourceDate "2004.01.01"]

1. e4 c5 2. Nf3 d6 3. d4 Nf6 4. Nc3 cxd4 5. Nxd4 a6 6. f4 e6 7. a4 d5 8. e5
Nfd7 9. Bd3 Bc5 10. Nb3 Ba7 11. Qg4 O-O 12. Bd2 Nc6 13. O-O-O Nb4 14. Bxh7+
Kxh7 15. f5 Nxe5 16. Qxb4 Nc4 17. f6 a5 18. Nxa5 Bc5 19. Qxc5 Rxa5 20. Qb4 gxf6
21. b3 Nxd2 22. Qh4+ Kg7 23. Qg4+ Kh7 24. Qh4+ 1/2-1/2

[Event "21. Copenhagen Open  (Politiken Cup)"]
[Site "Copenhagen"]
[Date "1999.07.14"]
[Round "11"]
[White "Hartvig, Ove Weiss"]
[Black "Nielsen, Frode Benedikt"]
[Result "1-0"]
[WhiteElo "2289"]
[BlackElo "1949"]
[PlyCount "81"]
[EventDate "1999.07.03"]
[EventType "swiss"]
[EventRounds "11"]
[EventCountry "DEN"]
[SourceDate "2004.01.01"]

1. e4 e5 2. d4 exd4 3. Qxd4 Nc6 4. Qe3 d6 5. Nc3 Nf6 6. Bd2 g6 7. O-O-O Bg7 8.
h4 Be6 9. Nd5 h5 10. Bc3 Ng4 11. Qg3 O-O 12. Bxg7 Kxg7 13. Nh3 a5 14. f3 Nf6
15. Nhf4 Bxd5 16. Nxd5 Nb4 17. Nc3 Qe7 18. a3 Na6 19. Qf4 Qe5 20. Qxe5 dxe5 21.
Nd5 c6 22. Nb6 Ra7 23. Nc4 Re8 24. Nd6 Rb8 25. Nc4 Re8 26. Nd6 Rb8 27. Nc4 Re8
28. Nxa5 Nc5 29. Nc4 b5 30. Ne3 Ne6 31. c3 Rb8 32. g3 c5 33. Nd5 Nc7 34. Nxf6
Kxf6 35. Rd7 b4 36. Bc4 Rf8 37. cxb4 cxb4 38. Kc2 bxa3 39. Ra1 Rb7 40. Rxa3 g5
41. Bd5 1-0

[Event "21. Copenhagen Open  (Politiken Cup)"]
[Site "Copenhagen"]
[Date "1999.07.14"]
[Round "11"]
[White "Helin, Mikael"]
[Black "Petersen, Steffen"]
[Result "0-1"]
[WhiteElo "2200"]
[BlackElo "1875"]
[PlyCount "98"]
[EventDate "1999.07.03"]
[EventType "swiss"]
[EventRounds "11"]
[EventCountry "DEN"]
[SourceDate "2004.01.01"]

1. e4 e5 2. Nc3 d6 3. f4 exf4 4. Nf3 g5 5. h4 Bg4 6. hxg5 Bxf3 7. Qxf3 Qxg5 8.
Nd5 Kd7 9. Nxf4 Nc6 10. Rh5 Qg7 11. Qh3+ Kd8 12. Bb5 Nf6 13. Rf5 Rg8 14. d4 a6
15. Bxc6 bxc6 16. Qf3 Nd7 17. Be3 Rb8 18. O-O-O a5 19. c3 Nb6 20. Nh5 Qxg2 21.
Qxg2 Rxg2 22. Nf4 Rxb2 23. Kxb2 Nc4+ 24. Kc1 Nxe3 25. Rxf7 Ke8 26. Rxh7 Nxd1
27. Kxd1 Rb1+ 28. Kc2 Rf1 29. Ne6 Be7 30. Ng7+ Kd8 31. Ne6+ Ke8 32. Nxc7+ Kd7
33. Na8 Rf2+ 34. Kb1 Rf1+ 35. Kc2 Rf2+ 36. Kb3 a4+ 37. Kc4 Rxa2 38. d5 cxd5+
39. exd5 Rb2 40. Nc7 a3 41. Rh1 Kxc7 42. Ra1 a2 43. Kd3 Kb6 44. Ke4 Bf6 45. Kd3
Ka5 46. Kc4 Ka4 47. Rh1 Rc2 48. Kd3 Rxc3+ 49. Kd2 Rb3 0-1

[Event "21. Copenhagen Open  (Politiken Cup)"]
[Site "Copenhagen"]
[Date "1999.07.14"]
[Round "11"]
[White "Hillarp Persson, Tiger"]
[Black "Hansen, Sune Berg"]
[Result "1-0"]
[WhiteElo "2507"]
[BlackElo "2558"]
[PlyCount "131"]
[EventDate "1999.07.03"]
[EventType "swiss"]
[EventRounds "11"]
[EventCountry "DEN"]
[SourceDate "2004.01.01"]

1. d4 Nf6 2. c4 e6 3. Nf3 b6 4. Nc3 Bb4 5. Bg5 h6 6. Bh4 Bb7 7. Nd2 g5 8. Bg3
Bxc3 9. bxc3 d6 10. a4 a5 11. c5 bxc5 12. dxc5 Nh5 13. cxd6 Nxg3 14. hxg3 Qxd6
15. Nf3 Qxd1+ 16. Rxd1 Nd7 17. Nxg5 Nb6 18. Rd4 Bc6 19. Rf4 Rf8 20. Rxh6 Bxa4
21. e3 Ke7 22. Bc4 Bd7 23. Ba2 Nc8 24. e4 Rb8 25. Rh7 Rb2 26. Nxf7 Ke8 27. Ne5
Rxf4 28. gxf4 Rxa2 29. Nxd7 Ne7 30. Nc5 a4 31. Nxe6 a3 32. f5 Ra1+ 33. Ke2 Ng8
34. Rxc7 Nf6 35. Kf3 Nxe4 36. Kxe4 a2 37. Ra7 Re1+ 38. Kf4 a1=Q 39. Rxa1 Rxa1
40. c4 Ra4 41. Ke5 Rxc4 42. f4 Kf7 43. g4 Ra4 44. Nd8+ Ke8 45. Nc6 Rc4 46. Nd4
Kf7 47. g5 Rc5+ 48. Ke4 Rc4 49. Ke3 Rc3+ 50. Kf2 Rc4 51. Ne2 Rc5 52. Ng3 Ra5
53. Kf3 Ra1 54. Kg4 Rg1 55. Kh4 Rg2 56. Ne4 Re2 57. Nd6+ Ke7 58. Nc8+ Kf7 59.
Kg4 Rd2 60. Nb6 Rd4 61. Kf3 Ke7 62. Ke3 Rd1 63. Nc4 Re1+ 64. Kf3 Rf1+ 65. Kg3
Rg1+ 66. Kf2 1-0

[Event "21. Copenhagen Open  (Politiken Cup)"]
[Site "Copenhagen"]
[Date "1999.07.14"]
[Round "11"]
[White "Hoi, Carsten"]
[Black "Schneider, Stefan"]
[Result "1/2-1/2"]
[WhiteElo "2394"]
[BlackElo "2353"]
[PlyCount "115"]
[EventDate "1999.07.03"]
[EventType "swiss"]
[EventRounds "11"]
[EventCountry "DEN"]
[SourceDate "2004.01.01"]

1. d4 Nf6 2. Nc3 d5 3. Bg5 Nbd7 4. Nf3 h6 5. Bh4 e6 6. e3 Be7 7. Bd3 b6 8. O-O
Bb7 9. Re1 O-O 10. a4 c5 11. Bb5 a6 12. Bxd7 Nxd7 13. Bxe7 Qxe7 14. e4 dxe4 15.
Nxe4 Rfd8 16. Qe2 cxd4 17. Nxd4 Nf6 18. Nxf6+ Qxf6 19. c3 Qg6 20. f3 Rd5 21.
Rad1 Rad8 22. Nb3 Rd3 23. Rxd3 Qxd3 24. Qxd3 Rxd3 25. Kf2 a5 26. Ke2 Ba6 27.
Nd2 Rxc3+ 28. Kd1 Rc5 29. Re3 Kf8 30. b4 axb4 31. Rb3 Ke7 32. Rxb4 Rc6 33. Nb3
e5 34. f4 f6 35. fxe5 fxe5 36. a5 bxa5 37. Nxa5 Rc5 38. Nb3 Rb5 39. Rxb5 Bxb5
40. Ke1 Ke6 41. Kf2 Kd5 42. Nd2 Kd4 43. Nf3+ Ke4 44. Ne1 Bd3 45. g3 Bb1 46. h4
Kd4 47. Ng2 Be4 48. Ne3 h5 49. Nd1 Bf5 50. Ne3 Be6 51. Nc2+ Ke4 52. Ne3 Bb3 53.
Nf1 Kf5 54. Ne3+ Kf6 55. Nf1 g5 56. hxg5+ Kxg5 57. Ne3 h4 58. gxh4+ 1/2-1/2

[Event "21. Copenhagen Open  (Politiken Cup)"]
[Site "Copenhagen"]
[Date "1999.07.14"]
[Round "11"]
[White "Hvenekilde, Jorgen"]
[Black "Dongart, Dennis"]
[Result "1/2-1/2"]
[WhiteElo "2239"]
[BlackElo "2095"]
[PlyCount "29"]
[EventDate "1999.07.03"]
[EventType "swiss"]
[EventRounds "11"]
[EventCountry "DEN"]
[SourceDate "2004.01.01"]

1. d4 Nf6 2. c4 g6 3. Nc3 d5 4. cxd5 Nxd5 5. g3 Bg7 6. Bg2 Nxc3 7. bxc3 c5 8.
Nf3 Nc6 9. O-O cxd4 10. cxd4 Nxd4 11. Nxd4 Qxd4 12. Rb1 Qxd1 13. Rxd1 O-O 14.
Ba3 Bf6 15. Bxb7 1/2-1/2

[Event "21. Copenhagen Open  (Politiken Cup)"]
[Site "Copenhagen"]
[Date "1999.07.14"]
[Round "11"]
[White "Jensen, Henrik W"]
[Black "Nilsson, Nils Specht"]
[Result "0-1"]
[WhiteElo "2098"]
[BlackElo "2194"]
[PlyCount "80"]
[EventDate "1999.07.03"]
[EventType "swiss"]
[EventRounds "11"]
[EventCountry "DEN"]
[SourceDate "2004.01.01"]

1. e4 g6 2. d4 Bg7 3. c3 d6 4. f4 Nf6 5. Nd2 O-O 6. Ngf3 c5 7. Bd3 cxd4 8. cxd4
Nc6 9. O-O d5 10. e5 Ng4 11. Qe2 Qb6 12. Nb3 a5 13. Bb5 a4 14. Bxc6 Qxc6 15.
Nc5 b6 16. Nd3 Ba6 17. Rd1 e6 18. Nfe1 f5 19. Bd2 Qc4 20. Bc3 a3 21. Rdc1 axb2
22. Qxb2 Qb5 23. Rcb1 Qxb2 24. Rxb2 Rfc8 25. Bd2 Bxd3 26. Nxd3 Rc4 27. Rxb6
Rxd4 28. Rb3 Bf8 29. h3 Ra3 30. Rxa3 Bxa3 31. hxg4 Rxd3 32. Be1 fxg4 33. Rb1
Bc5+ 34. Kf1 Ra3 35. Rb8+ Kg7 36. Rb7+ Kh6 37. Bh4 g3 38. Rb3 Rxa2 39. Rxg3 Kh5
40. Bg5 Ra3 0-1

[Event "21. Copenhagen Open  (Politiken Cup)"]
[Site "Copenhagen"]
[Date "1999.07.14"]
[Round "11"]
[White "Jensen, Jan Kargaard"]
[Black "Petersen, Lars"]
[Result "1/2-1/2"]
[WhiteElo "1740"]
[BlackElo "2096"]
[PlyCount "91"]
[EventDate "1999.07.03"]
[EventType "swiss"]
[EventRounds "11"]
[EventCountry "DEN"]
[SourceDate "2004.01.01"]

1. e4 c6 2. d4 d5 3. f3 e6 4. Bd3 Nf6 5. exd5 exd5 6. Ne2 Bd6 7. Bf4 O-O 8.
Bxd6 Qxd6 9. O-O Re8 10. c3 Nbd7 11. b4 a5 12. b5 c5 13. dxc5 Qxc5+ 14. Kh1 Ne5
15. a4 Nxd3 16. Qxd3 Re3 17. Qd4 Qe7 18. Nf4 Bf5 19. g4 Bxb1 20. Raxb1 h6 21.
Ng2 Re2 22. Rbe1 Re8 23. Qd1 Qe5 24. Kg1 Nd7 25. Rxe2 Qxe2 26. Qxd5 Nf6 27.
Qxb7 Qd2 28. Qc6 Re2 29. Ne1 Rxe1 30. Rxe1 Qxe1+ 31. Kg2 Qd2+ 32. Kh3 Qd7 33.
Qa8+ Kh7 34. b6 Qd6 35. Qxa5 Qc6 36. Kg2 g6 37. Qa7 Kg7 38. b7 Nd7 39. Qd4+ Kh7
40. Qxd7 Qxd7 41. b8=Q Qd2+ 42. Kg3 Qxc3 43. Qe8 Kg7 44. Qe4 Qa1 45. f4 Qa3+
46. Kg2 1/2-1/2

[Event "21. Copenhagen Open  (Politiken Cup)"]
[Site "Copenhagen"]
[Date "1999.07.14"]
[Round "11"]
[White "Jensen, Jannick"]
[Black "Al Saad, Mofid"]
[Result "1-0"]
[WhiteElo "1967"]
[BlackElo "1323"]
[PlyCount "83"]
[EventDate "1999.07.03"]
[EventType "swiss"]
[EventRounds "11"]
[EventCountry "DEN"]
[SourceDate "2004.01.01"]

1. e4 c5 2. Nf3 Nc6 3. c3 g6 4. d4 cxd4 5. cxd4 Bg7 6. Bf4 d6 7. Nc3 a6 8. Qd2
Bd7 9. Be2 Rc8 10. O-O Qa5 11. Rac1 e5 12. Be3 exd4 13. Nxd4 Nge7 14. f4 O-O
15. Nxc6 Rxc6 16. Nd5 Qd8 17. Bd4 Nxd5 18. Bxg7 Rxc1 19. Rxc1 Kxg7 20. Qxd5 Bc6
21. Qd4+ Qf6 22. Rd1 Re8 23. Qxf6+ Kxf6 24. Rxd6+ Kg7 25. e5 Re7 26. Kf2 g5 27.
g3 h6 28. Bxa6 Rc7 29. Bd3 g4 30. f5 Bd7 31. f6+ Kf8 32. Bf5 Ke8 33. Bxd7+ Rxd7
34. Rxd7 Kxd7 35. Ke3 Ke6 36. Ke4 b6 37. a4 Kd7 38. Kd5 h5 39. b4 Kd8 40. a5
Kc7 41. e6 fxe6+ 42. Kxe6 1-0

[Event "21. Copenhagen Open  (Politiken Cup)"]
[Site "Copenhagen"]
[Date "1999.07.14"]
[Round "11"]
[White "Johansson, Thomas"]
[Black "Ori, Marco"]
[Result "1-0"]
[WhiteElo "2218"]
[BlackElo "2068"]
[PlyCount "39"]
[EventDate "1999.07.03"]
[EventType "swiss"]
[EventRounds "11"]
[EventCountry "DEN"]
[SourceDate "2004.01.01"]

1. e4 c6 2. d4 d5 3. f3 dxe4 4. fxe4 e5 5. Nf3 Be6 6. c3 Nf6 7. Bd3 Nbd7 8. O-O
h6 9. Nbd2 Bd6 10. Nc4 Bxc4 11. Bxc4 O-O 12. Qc2 Qc7 13. Bd2 Rae8 14. Rae1 Re7
15. Nh4 exd4 16. cxd4 Bxh2+ 17. Kh1 Nh5 18. Rf3 Bf4 19. Ng6 Ng3+ 20. Kg1 1-0

[Event "21. Copenhagen Open  (Politiken Cup)"]
[Site "Copenhagen"]
[Date "1999.07.14"]
[Round "11"]
[White "Jorgensen, Morten"]
[Black "Ingolfsdottir, Harpa"]
[Result "0-1"]
[WhiteElo "1151"]
[BlackElo "1495"]
[PlyCount "30"]
[EventDate "1999.07.03"]
[EventType "swiss"]
[EventRounds "11"]
[EventCountry "DEN"]
[SourceDate "2004.01.01"]

1. b3 e5 2. Bb2 Nc6 3. d4 Bb4+ 4. Nd2 exd4 5. a3 Ba5 6. Ngf3 Nf6 7. b4 Bb6 8.
Nc4 d5 9. Nxb6 axb6 10. Nxd4 O-O 11. g3 Qe7 12. Bg2 Bd7 13. Nb5 Nxb4 14. Bxf6
Qxf6 15. Nd4 Qxd4 0-1

[Event "21. Copenhagen Open  (Politiken Cup)"]
[Site "Copenhagen"]
[Date "1999.07.14"]
[Round "11"]
[White "Kokholm, Daniel"]
[Black "Pedersen, Steen"]
[Result "1-0"]
[WhiteElo "1892"]
[BlackElo "1677"]
[PlyCount "73"]
[EventDate "1999.07.03"]
[EventType "swiss"]
[EventRounds "11"]
[EventCountry "DEN"]
[SourceDate "2004.01.01"]

1. d4 d5 2. e4 dxe4 3. Nc3 Nf6 4. f3 exf3 5. Nxf3 Bg4 6. h3 Bxf3 7. Qxf3 c6 8.
Be3 Nbd7 9. Bd3 e6 10. O-O Be7 11. Rf2 O-O 12. Raf1 Qc7 13. Ne4 Rac8 14. g4 c5
15. c3 b6 16. Kh1 Nxe4 17. Qxe4 Qc6 18. Qxc6 Rxc6 19. Bb5 Rc7 20. Bf4 e5 21.
dxe5 Nb8 22. e6 Rcc8 23. Bxb8 Rxb8 24. Rxf7 Rxf7 25. Rxf7 Rb7 26. Rf3 h6 27. a4
Bf6 28. Kg2 Kf8 29. h4 Kg8 30. Bc4 Be7 31. Rf7 Rc7 32. Kf3 Kh8 33. h5 Kg8 34.
Ke4 Kh8 35. Kf5 Kh7 36. b3 Rb7 37. Bb5 1-0

[Event "21. Copenhagen Open  (Politiken Cup)"]
[Site "Copenhagen"]
[Date "1999.07.14"]
[Round "11"]
[White "Haagen Larsen, Hans"]
[Black "Lynge, Torben"]
[Result "1-0"]
[WhiteElo "1612"]
[BlackElo "1708"]
[PlyCount "53"]
[EventDate "1999.07.03"]
[EventType "swiss"]
[EventRounds "11"]
[EventCountry "DEN"]
[SourceDate "2004.01.01"]

1. d4 d5 2. Nf3 Nf6 3. Bf4 Bf5 4. Nbd2 e6 5. e3 Bd6 6. Ne5 Nbd7 7. h3 Rc8 8.
Be2 c6 9. Nxf7 Kxf7 10. Bxd6 c5 11. c3 Qb6 12. dxc5 Nxc5 13. Bxc5 Rxc5 14. Nb3
Rc7 15. O-O e5 16. Rc1 a5 17. a4 Be6 18. Bb5 Rhc8 19. Nd2 Kg8 20. Nf3 Qd6 21.
Qe2 Bf7 22. Rcd1 Qe7 23. Nd2 b6 24. e4 dxe4 25. Nxe4 Bc4 26. Bxc4+ Rxc4 27. Nd6
1-0

[Event "21. Copenhagen Open  (Politiken Cup)"]
[Site "Copenhagen"]
[Date "1999.07.14"]
[Round "11"]
[White "Larsen, Vagn"]
[Black "McShane, Rod"]
[Result "1-0"]
[WhiteElo "1465"]
[BlackElo "1352"]
[PlyCount "77"]
[EventDate "1999.07.03"]
[EventType "swiss"]
[EventRounds "11"]
[EventCountry "DEN"]
[SourceDate "2004.01.01"]

1. e4 c5 2. Nf3 d6 3. d4 cxd4 4. Nxd4 Nf6 5. Nc3 a6 6. Bc4 e6 7. O-O Be7 8. Kh1
O-O 9. f4 Nc6 10. Nxc6 bxc6 11. b3 Bb7 12. Bb2 d5 13. exd5 cxd5 14. Bd3 d4 15.
Ne2 Qd5 16. Rf2 Bc5 17. Ng3 Qd6 18. Qe2 Bb6 19. a4 Rfe8 20. Ba3 Qc7 21. Nh5 Nd5
22. Qg4 f5 23. Qg5 Ne3 24. Nf6+ Kh8 25. Nxe8 Rxe8 26. Qh5 g6 27. Qe2 Ng4 28.
Rff1 Ne3 29. Rg1 e5 30. fxe5 Rxe5 31. Qd2 a5 32. Bb2 Ba7 33. Rae1 Bb8 34. Bxd4
Qe7 35. Rxe3 Qg5 36. Qxa5 Bxg2+ 37. Rxg2 Qxe3 38. Bxe3 Rxa5 39. Re2 1-0

[Event "21. Copenhagen Open  (Politiken Cup)"]
[Site "Copenhagen"]
[Date "1999.07.14"]
[Round "11"]
[White "Larusdottir, Aldis Run"]
[Black "Hansen, Erik Svaerke"]
[Result "1-0"]
[WhiteElo "1350"]
[BlackElo "1626"]
[PlyCount "37"]
[EventDate "1999.07.03"]
[EventType "swiss"]
[EventRounds "11"]
[EventCountry "DEN"]
[SourceDate "2004.01.01"]

1. d4 d5 2. c4 e6 3. Nc3 Nf6 4. Nf3 Be7 5. Bf4 O-O 6. e3 c6 7. Bd3 b6 8. Qc2
Ba6 9. cxd5 Bxd3 10. Qxd3 Nxd5 11. Bg3 Nd7 12. Nxd5 cxd5 13. O-O Nf6 14. h3 Rc8
15. Rac1 Qd7 16. Qa6 Bd6 17. Rxc8 Qxc8 18. Qxc8 Rxc8 19. Bxd6 1-0

[Event "21. Copenhagen Open  (Politiken Cup)"]
[Site "Copenhagen"]
[Date "1999.07.14"]
[Round "11"]
[White "Laursen, Niels Norskov"]
[Black "Howe, Dennis"]
[Result "1/2-1/2"]
[WhiteElo "2055"]
[BlackElo "1919"]
[PlyCount "29"]
[EventDate "1999.07.03"]
[EventType "swiss"]
[EventRounds "11"]
[EventCountry "DEN"]
[SourceDate "2004.01.01"]

1. d4 d5 2. c4 e6 3. Nf3 Nf6 4. g3 c6 5. b3 Ne4 6. Bg2 Bb4+ 7. Bd2 Nxd2 8.
Nbxd2 dxc4 9. O-O Bc3 10. Rc1 Bxd4 11. Nxd4 Qxd4 12. Rxc4 Qb2 13. Rc2 Qd4 14.
Rc4 Qb2 15. Rc2 1/2-1/2

[Event "21. Copenhagen Open  (Politiken Cup)"]
[Site "Copenhagen"]
[Date "1999.07.14"]
[Round "11"]
[White "Lyrberg, Patrik"]
[Black "Danielsen, Henrik"]
[Result "0-1"]
[WhiteElo "2395"]
[BlackElo "2512"]
[PlyCount "76"]
[EventDate "1999.07.03"]
[EventType "swiss"]
[EventRounds "11"]
[EventCountry "DEN"]
[SourceDate "2004.01.01"]

1. e4 d5 2. exd5 Qxd5 3. Nc3 Qa5 4. Nf3 Nf6 5. Bc4 c6 6. d4 Bf5 7. Bd2 e6 8.
Qe2 Bb4 9. a3 Nbd7 10. O-O Bxc3 11. Bxc3 Qc7 12. Rfc1 O-O 13. Ne5 b5 14. Nxd7
Qxd7 15. Ba2 a5 16. Rd1 Rfb8 17. f3 b4 18. Be1 bxa3 19. b3 Nd5 20. c3 h5 21.
Rac1 Qd8 22. h4 Qf6 23. Bg3 Rd8 24. Kf2 c5 25. Qe1 cxd4 26. Rxd4 Nb4 27. Rxd8+
Rxd8 28. cxb4 Qb2+ 29. Kg1 Qxa2 30. Be5 axb4 31. Qxb4 Qe2 32. Re1 Rd1 33. Rxd1
Qxd1+ 34. Kh2 a2 35. Qb8+ Kh7 36. Qf8 f6 37. Bxf6 Qd7 38. Be5 a1=Q 0-1

[Event "21. Copenhagen Open  (Politiken Cup)"]
[Site "Copenhagen"]
[Date "1999.07.14"]
[Round "11"]
[White "Lonborg, Morten"]
[Black "Hansen, Anders"]
[Result "0-1"]
[WhiteElo "2159"]
[BlackElo "1937"]
[PlyCount "62"]
[EventDate "1999.07.03"]
[EventType "swiss"]
[EventRounds "11"]
[EventCountry "DEN"]
[SourceDate "2004.01.01"]

1. e4 e5 2. Nf3 Nc6 3. c3 d5 4. Qa4 f6 5. Bb5 Nge7 6. O-O dxe4 7. Qxe4 Bf5 8.
Qe2 a6 9. Bxc6+ Nxc6 10. d4 Bd6 11. dxe5 fxe5 12. Bg5 Qd7 13. Nbd2 O-O 14. Ne4
Qf7 15. Nfd2 Rae8 16. b4 Qg6 17. a4 Nd8 18. Bxd8 Rxd8 19. b5 axb5 20. axb5 Bh3
21. Ng3 Bg4 22. f3 Bc5+ 23. Kh1 Be6 24. Qxe5 Bd6 25. Qe2 Bxg3 26. hxg3 Qh6+ 27.
Kg1 Rxd2 28. Qe5 Bc4 29. Rfe1 Qb6+ 30. Kh2 Qf2 31. Rg1 Rd6 0-1

[Event "21. Copenhagen Open  (Politiken Cup)"]
[Site "Copenhagen"]
[Date "1999.07.14"]
[Round "11"]
[White "Manley, Christian"]
[Black "Jensen, John Klaus"]
[Result "0-1"]
[WhiteElo "1086"]
[BlackElo "1563"]
[PlyCount "46"]
[EventDate "1999.07.03"]
[EventType "swiss"]
[EventRounds "11"]
[EventCountry "DEN"]
[SourceDate "2004.01.01"]

1. c4 Nf6 2. Nc3 g6 3. g3 Bg7 4. e3 O-O 5. Bg2 d6 6. b3 c5 7. d3 Nc6 8. Bd2 Bg4
9. Qc1 Rb8 10. Nf3 Nb4 11. Qb1 Nd7 12. a3 Nc6 13. Qc1 Nde5 14. Nxe5 Nxe5 15.
Qc2 Qd7 16. O-O Nf3+ 17. Kh1 Ng5 18. e4 h6 19. Qc1 Bf3 20. Ra2 Bxg2+ 21. Kg1
Bf3 22. h3 Qxh3 23. Qd1 Qg2# 0-1

[Event "21. Copenhagen Open  (Politiken Cup)"]
[Site "Copenhagen"]
[Date "1999.07.14"]
[Round "11"]
[White "Mathiesen, Erik"]
[Black "Maarup, Michael"]
[Result "1/2-1/2"]
[WhiteElo "1891"]
[BlackElo "2184"]
[PlyCount "111"]
[EventDate "1999.07.03"]
[EventType "swiss"]
[EventRounds "11"]
[EventCountry "DEN"]
[SourceDate "2004.01.01"]

1. d4 d5 2. c4 e6 3. Nc3 c5 4. e3 Nf6 5. Nf3 a6 6. dxc5 Bxc5 7. a3 O-O 8. b4
Ba7 9. Bb2 Nc6 10. Be2 dxc4 11. Qxd8 Rxd8 12. Bxc4 b5 13. Bb3 Bb7 14. O-O Ne7
15. Rfd1 Nfd5 16. Nxd5 Nxd5 17. Rac1 Bb6 18. Nd4 Rac8 19. h3 Kf8 20. Rxc8 Rxc8
21. Ne2 Nf6 22. Nf4 Ke7 23. Kf1 g5 24. Ne2 Nd5 25. Rc1 Rxc1+ 26. Nxc1 Nf6 27.
Bc2 Ne4 28. Ke2 Nd6 29. f3 Nc4 30. Bd4 Bxd4 31. exd4 Nxa3 32. Bb3 Nc4 33. Bxc4
bxc4 34. Na2 Bc6 35. Nc3 h5 36. Kf2 Kd6 37. Ke3 f5 38. g3 Be8 39. h4 gxh4 40.
gxh4 Bc6 41. f4 Kc7 42. Kd2 Kb6 43. Kc1 a5 44. bxa5+ Kxa5 45. Kb2 Bd5 46. Ka3
Bf3 47. Kb2 Kb4 48. Na2+ Kb5 49. Nc3+ Kc6 50. Ka3 Be4 51. Kb2 Bd3 52. Kc1 Bf1
53. Kd2 Bg2 54. Ke2 Kb6 55. Kd2 Ka5 56. Na2 1/2-1/2

[Event "21. Copenhagen Open  (Politiken Cup)"]
[Site "Copenhagen"]
[Date "1999.07.14"]
[Round "11"]
[White "Matthiesen, Martin"]
[Black "Jakobsen, Ole"]
[Result "0-1"]
[WhiteElo "2322"]
[BlackElo "2398"]
[PlyCount "68"]
[EventDate "1999.07.03"]
[EventType "swiss"]
[EventRounds "11"]
[EventCountry "DEN"]
[SourceDate "2004.01.01"]

1. d4 Nf6 2. Nf3 g6 3. c4 Bg7 4. Nc3 O-O 5. e4 d6 6. Be2 c5 7. O-O Bg4 8. Be3
Bxf3 9. Bxf3 cxd4 10. Bxd4 Nc6 11. Be3 Qa5 12. Be2 Nd7 13. Nd5 Rfc8 14. b4 Qd8
15. Rb1 e6 16. Nf4 Nf6 17. f3 Ne5 18. Qb3 Nfd7 19. Nh3 Qc7 20. Rbc1 a5 21. a3
axb4 22. axb4 Nc6 23. Rfd1 h6 24. Bf1 b6 25. Rd2 Ra7 26. Rb1 Rca8 27. Qd1 Ra1
28. Rxa1 Rxa1 29. Qb3 Nde5 30. Ra2 Rxa2 31. Qxa2 Nxb4 32. Qb1 Nxc4 33. Qc1 b5
34. Bxh6 Qa7+ 0-1

[Event "21. Copenhagen Open  (Politiken Cup)"]
[Site "Copenhagen"]
[Date "1999.07.14"]
[Round "11"]
[White "Mortensen, Henrik"]
[Black "Ronsted, Torben"]
[Result "0-1"]
[WhiteElo "2078"]
[BlackElo "1915"]
[PlyCount "140"]
[EventDate "1999.07.03"]
[EventType "swiss"]
[EventRounds "11"]
[EventCountry "DEN"]
[SourceDate "2004.01.01"]

1. d4 Nf6 2. e3 d6 3. f4 e5 4. dxe5 dxe5 5. Qxd8+ Kxd8 6. Bc4 exf4 7. exf4 Bf5
8. c3 Be4 9. Nf3 Bxf3 10. gxf3 Bd6 11. Bxf7 Rf8 12. Be6 Re8 13. f5 g6 14. O-O
gxf5 15. Bxf5 Re2 16. h4 Bh2+ 17. Kh1 Nh5 18. Bg5+ Ke8 19. Rg1 Bxg1 20. Kxg1
Nd7 21. Bxh7 Kf7 22. Nd2 Ne5 23. Be4 Rb8 24. f4 Rxd2 25. fxe5 Rg8 26. Bxb7 Ke6
27. Re1 Rxb2 28. Ba6 Nf4 29. Bc4+ Nd5 30. Bxd5+ Kxd5 31. e6 Re8 32. e7 Rxa2 33.
c4+ Kd6 34. Bf6 Ra5 35. Kh2 Rf5 36. Bg5 Rc5 37. Re4 a5 38. Rd4+ Ke6 39. Re4+
Re5 40. Rd4 a4 41. c5 a3 42. Ra4 Re2+ 43. Kg3 a2 44. Kf3 Rc2 45. Ke3 Kd5 46.
Kd3 Rg2 47. Bd2 Rxe7 48. Rxa2 Rg3+ 49. Kc2 Kxc5 50. Ra5+ Kc6 51. h5 Rh3 52. h6
Kd7 53. Rd5+ Kc6 54. Rd3 Rxd3 55. Kxd3 Kd5 56. Bc3 Rf7 57. Bg7 Rf3+ 58. Ke2 Rh3
59. Kf2 Ke6 60. Kg2 Rh5 61. Kg3 Kf5 62. Kf3 Rh3+ 63. Ke2 Ke4 64. Kd2 c5 65. Kc2
c4 66. Kd2 Kd5 67. Bf8 c3+ 68. Kc2 Kc4 69. Bg7 Rh2+ 70. Kc1 Kd3 0-1